<?xml version="1.0" encoding="UTF-8"?><marc:collection xmlns:marc="http://www.loc.gov/MARC21/slim">
  <marc:record>
    <marc:leader>00000nam##2200000za#4500</marc:leader>
    <marc:controlfield tag="001">9.681014</marc:controlfield>
    <marc:controlfield tag="003">CaOODSP</marc:controlfield>
    <marc:controlfield tag="005">20200330065609</marc:controlfield>
    <marc:controlfield tag="007">ta</marc:controlfield>
    <marc:controlfield tag="008">150407|2000||||xxc|||||     f|0| 0 fre|d</marc:controlfield>
    <marc:datafield tag="020" ind1=" " ind2=" ">
      <marc:subfield code="a">0-662-84292-8</marc:subfield>
    </marc:datafield>
    <marc:datafield tag="040" ind1=" " ind2=" ">
      <marc:subfield code="a">CaOODSP</marc:subfield>
      <marc:subfield code="b">fre</marc:subfield>
    </marc:datafield>
    <marc:datafield tag="043" ind1=" " ind2=" ">
      <marc:subfield code="a">n-cn---</marc:subfield>
    </marc:datafield>
    <marc:datafield tag="086" ind1="1" ind2=" ">
      <marc:subfield code="a">A22-201/2000-1F</marc:subfield>
    </marc:datafield>
    <marc:datafield tag="110" ind1="1" ind2=" ">
      <marc:subfield code="a">Canada. </marc:subfield>
      <marc:subfield code="b">Agriculture et agroalimentaire Canada. </marc:subfield>
      <marc:subfield code="b">Direction générale de la recherche.</marc:subfield>
    </marc:datafield>
    <marc:datafield tag="245" ind1="1" ind2="0">
      <marc:subfield code="a">L'agriculture écologiquement durable au Canada : </marc:subfield>
      <marc:subfield code="b">rapport sur le projet des indicateurs agroenvironnementaux: résumé / </marc:subfield>
      <marc:subfield code="c">Publié par la direction générale des politiques et direction générale de recherche. </marc:subfield>
    </marc:datafield>
    <marc:datafield tag="260" ind1=" " ind2=" ">
      <marc:subfield code="a">Ottawa - Ontario : </marc:subfield>
      <marc:subfield code="b">Agriculture et Agroalimentaire Canada. </marc:subfield>
      <marc:subfield code="c">2000.</marc:subfield>
    </marc:datafield>
    <marc:datafield tag="300" ind1=" " ind2=" ">
      <marc:subfield code="a">vii, 19p. : </marc:subfield>
      <marc:subfield code="b">graphiques, tableaux ; </marc:subfield>
      <marc:subfield code="c">28 cm.</marc:subfield>
    </marc:datafield>
    <marc:datafield tag="500" ind1=" " ind2=" ">
      <marc:subfield code="a">Données de catalogage avant publication (Canada) imprimées dans cette publication. «[...] est destiné aux agriculteurs, aux chefs de file du secteur agricole, aux décideurs des administrations publiques, aux environnementalistes et aux citoyens intéressés. Ce document présente une évaluation globale du caractère durable des agroécosystèmes. De plus, il examine les principaux paramètres environnementaux de ces systèmes ainsi que les rapports entre ceux-ci, d'une part, et les écosystèmes naturels qui les englobent et les forces agissantes avec lesquelles ils entrent en interaction, d'autre part. Les indicateurs sont présentés par rapport à six grands axes: la gestion agricole, les sols, les eaux, l'atmosphère, la biodiversité et l'intensité de la production.»--Page 1.</marc:subfield>
    </marc:datafield>
    <marc:datafield tag="520" ind1="3" ind2=" ">
      <marc:subfield code="a">[...] est destiné aux agriculteurs, aux chefs de file du secteur agricole, aux décideurs des administrations publiques, aux environnementalistes et aux citoyens intéressés. Ce document présente une évaluation globale du caractère durable des agroécosystèmes. De plus, il examine les principaux paramètres environnementaux de ces systèmes ainsi que les rapports entre ceux-ci, d'une part, et les écosystèmes naturels qui les englobent et les forces agissantes avec lesquelles ils entrent en interaction, d'autre part. Les indicateurs sont présentés par rapport à six grands axes: la gestion agricole, les sols, les eaux, l'atmosphère, la biodiversité et l'intensité de la production.--Page 1</marc:subfield>
    </marc:datafield>
    <marc:datafield tag="563" ind1=" " ind2=" ">
      <marc:subfield code="a">Couverture souple</marc:subfield>
    </marc:datafield>
    <marc:datafield tag="590" ind1=" " ind2=" ">
      <marc:subfield code="a">00-21</marc:subfield>
      <marc:subfield code="b">2000-05-26</marc:subfield>
    </marc:datafield>
    <marc:datafield tag="691" ind1="0" ind2="7">
      <marc:subfield code="a">Agriculture</marc:subfield>
      <marc:subfield code="2">gcpds</marc:subfield>
    </marc:datafield>
    <marc:datafield tag="691" ind1="0" ind2="7">
      <marc:subfield code="a">Environnement</marc:subfield>
      <marc:subfield code="2">gcpds</marc:subfield>
    </marc:datafield>
    <marc:datafield tag="691" ind1="0" ind2="7">
      <marc:subfield code="a">Écologie</marc:subfield>
      <marc:subfield code="2">gcpds</marc:subfield>
    </marc:datafield>
    <marc:datafield tag="775" ind1="0" ind2="8">
      <marc:subfield code="t">Environmental Sustainability of Canadian Agriculture : </marc:subfield>
      <marc:subfield code="w">(CaOODSP)9.647603</marc:subfield>
    </marc:datafield>
    <marc:datafield tag="776" ind1="0" ind2="#">
      <marc:subfield code="t">L'agriculture écologiquement durable au Canada : </marc:subfield>
      <marc:subfield code="w">(CaOODSP)9.637689</marc:subfield>
    </marc:datafield>
    <marc:datafield tag="986" ind1=" " ind2=" ">
      <marc:subfield code="a">2023/F</marc:subfield>
    </marc:datafield>
  </marc:record>
</marc:collection>
